000
00276nam a22001217a 4500
008
171123b xxu||||| |||| 00| 0 eng d
041
_a
eng
080
_a
591
100
_a
7
101
_a
ZOO
245
_a
AN INTRODUCTION TO ANIMAL BEHAVIOR
_c
PHIL.B.D
942
_2
udc
_c
BK
999
_c
38404
_d
38404